| 000 | 00622nam a2200229Ia 4500 | ||
|---|---|---|---|
| 008 | 180523s9999 xx 000 0 und d | ||
| 020 | _a81-309-0297-4 | ||
| 050 | _aMAIN G 155.A1 | ||
| 050 | _b.T56 2006 | ||
| 100 | _aTimothy, Dallen J. | ||
| 245 | 0 | _aShopping tourism, retailing and leisure / | |
| 245 | 0 | _cDallen J. Timothy. | |
| 260 | _aNew Delhi : | ||
| 260 | _bViva Books Private Ltd., | ||
| 260 | _c2006 | ||
| 300 | _a222 pages : | ||
| 300 | _c22 cm. | ||
| 440 | _aAspects of tourism 23 | ||
| 500 | _aIncludes bibliographical references and index. | ||
| 650 | _aTourism. | ||
| 650 | _xRetail trade. | ||
| 999 |
_c356653 _d356653 |
||